Manual práctico de la lengua griega ó sea Coleccion de ejercicios gramaticales y de traduccion (Record no. 154542)

MARC details
000 -LEADER
campo de control de longitud fija 01292nam a22002415i 4500
001 - NÚMERO DE CONTROL
campo de control 154542
003 - IDENTIFICADOR DE NÚMERO DE CONTROL
campo de control ES-MaACL
005 - FECHA Y HORA DE LA ÚLTIMA TRANSACCIÓN
campo de control 20240528154555.0
008 - DATOS DE LONGITUD FIJA--INFORMACIÓN GENERAL
campo de control de longitud fija 971219s1859 sp |||| | spa d
040 ## - FUENTE DE CATALOGACIÓN
Centro catalogador/agencia de origen NA
Lengua de catalogación spa
Centro/agencia transcriptor NA
100 1# - ENTRADA PRINCIPAL--NOMBRE DE PERSONA
Nombre de persona González Andrés, Raimundo.
9 (RLIN) 127397
245 10 - MENCIÓN DEL TÍTULO
Título Manual práctico de la lengua griega ó sea Coleccion de ejercicios gramaticales y de traduccion
Resto del título : ilustrada con numerosas notas y un vocabulario : y compuesta principalmente para uso de los alumnos del primer curso de griego /
Mención de responsabilidad, etc. por el Dr. D. Raimundo González Andrés.
260 ## - PUBLICACIÓN, DISTRIBUCIÓN, ETC.
Lugar de publicación, distribución, etc. Madrid :
Nombre del editor, distribuidor, etc. Imprenta Nacional,
Fecha de publicación, distribución, etc. 1859.
300 ## - DESCRIPCIÓN FÍSICA
Extensión XVI, 112 p. ;
Dimensiones 18 cm.
650 #4 - PUNTO DE ACCESO ADICIONAL DE MATERIA--TÉRMINO DE MATERIA
Término de materia o nombre geográfico como elemento de entrada Lengua griega-
Subdivisión de forma Métodos.
9 (RLIN) 158122
740 01 - ENTRADA AGREGADA--TÍTULO RELACIONADO/ANALÍTICO NO CONTROLADO
Título relacionado o analítico no controlado Colección de ejercicios gramaticales y de traducción.
752 ## - ENTRADA AGREGADA--NOMBRE JERÁRQUICO DEL LUGAR
País o entidad superior España -
Ciudad Madrid
852 ## - LOCALIZACIÓN
Ubicación ES-MaACL
Número de control de estantería FOLL-Laf-586
itemnumber 160204
Ubicación en estantería Depósito folletos
Partes que faltan Ejemplar mútilo: Falto desde la página 81 hasta el final
Marcas de propiedad Sello en tinta en portada: "Ateneo de Madrid. Legado M. de la Fuente"
-- Sello en tinta en portada: "Ateneo de Madrid. Biblioteca"
Donativo/Legado Legado: M. de la Fuente
Encuadernación Sin encuadernar
852 ## - LOCALIZACIÓN
Ubicación ES-MaACL
Número de control de estantería D-961
Nota libre Encuadernación holandesa
itemnumber 160203
Ubicación en estantería Sala Valle Inclán
903 ## - NOMBRE PERSONAL DE DONANTE
9 69535
a Lafuente, Modesto,
q 1
d 1806-1866
e Donante
942 ## - ELEMENTOS DE ENTRADA SECUNDARIOS (KOHA)
Fuente del sistema de clasificación o colocación Clasificación decimal universal
Holdings
Estatus retirado Estado de pérdida Estado de daño No para préstamo Colección Biblioteca de origen Biblioteca actual Ubicación en estantería Fecha de adquisición Fuente de adquisición Total de préstamos Signatura topográfica completa Código de barras Visto por última vez Precio de reemplazo Tipo de ítem Koha Fuente del sistema de clasificación o colocación
        Libros del s. XIX Biblioteca del Ateneo de Madrid Biblioteca del Ateneo de Madrid Sala Valle Inclán 17/01/2008     D-961 901161627 23/02/2023 23/02/2023 Libro impreso antiguo  
        Colección de folletos Biblioteca del Ateneo de Madrid Biblioteca del Ateneo de Madrid Depósito folletos 17/01/2008 Legado   FOLL-Laf-586 1161626 23/02/2023 23/02/2023 Libro impreso antiguo Clasificación decimal universal